00417nam a2200133Ia 4500008004100000100001900041245007700060245001900137260005900156260000900215650001800224650001500242856002600257170221s9999 xx 000 0 und d aSusan D. Myers aFacebook and Pharmaceutical Companies: An Industry in Need of Guidance  cSusan D. Myers bOnline Journal of Communication and Media Technologies c2015 xCommunication xMedia Arts uhttp://www.ojcmt.net/